000 00373nam a22001457a 4500
020 _qHB.
040 _cFIZZA ISHAQ
082 _a624.15136
_bDAS
100 _a Das, Braja M.
_923492
245 _aAdvanced soil mechanics /
_cBraja M. Das.
250 _a5TH ED.
260 _a New York:
_bMcGraw Hill,
_c2019.
300 _a xiii, 712 p. : ill. ; 23 cm
942 _2ddc
_cBK
999 _c616589
_d616589